| 000 | 00702nam a2200205Ii 4500 | ||
|---|---|---|---|
| 003 | JO-AjNU | ||
| 008 | 230605s9999||||xx |||||||||||||| ||und|| | ||
| 040 |
_aJO-AjNU _bara _erda _cJO-AjNU |
||
| 041 | _aara | ||
| 050 | 1 | 4 | _aLB1025.H3 1970 |
| 100 | 3 |
_aغالب، حنا, _eauthor _938395 |
|
| 245 | 0 | 0 | _aمواد وطرائق التعليم في التربية المتجددة |
| 250 | _aط2 | ||
| 264 | 3 | 1 | _aبيروت:دار الكتاب اللبناني،1970 |
| 300 | _a539ص | ||
| 336 |
_atext _btxt _2rdacontent |
||
| 337 |
_aunmediated _bn _2rdamedia |
||
| 338 |
_avolume _bnc _2rdacarrier |
||
| 650 | 4 |
_aفلسفة-تعلم وتعليم. تدريس-طرق التدريس-تخطيط _938396 |
|
| 999 |
_aA16128 _c19696 _d19696 |
||